| 000 | 00416nam a2200169Ia 4500 | ||
|---|---|---|---|
| 003 | IN-BaIIA | ||
| 008 | 211028s9999 xx 000 0 eng d | ||
| 040 | _cIIA Library | ||
| 080 |
_a658.6 _bJHA |
||
| 100 |
_aJha, S. M _925403 |
||
| 245 | 0 |
_aServices marketing _cS. M. Jha |
|
| 250 | _a4th rev. ed. | ||
| 260 |
_aMumbai _bHimalaya Publishing _c2000 |
||
| 300 | _a611p. | ||
| 650 |
_aManagement _97079 |
||
| 942 | _cBK | ||
| 999 |
_c14344 _d14344 |
||